| 000 | 01551nam a2200253Ia 4500 | ||
|---|---|---|---|
| 003 | OSt | ||
| 005 | 20210127155134.0 | ||
| 008 | 191128s1996 ck a gr 000 0 spa d | ||
| 020 | _a958913601X | ||
| 040 |
_aCO-JMCR _cCO-JMCR |
||
| 041 | 0 | _aspa | |
| 082 | 0 | 4 |
_a323.01 / _bG148c _221 |
| 100 | 1 |
_aGalvis Ortiz, Ligia, _eautora _92681 |
|
| 245 | 1 | 0 |
_aComprensión de los derechos humanos : _bhacia una cultura de los derechos humanos : historia legislación y protección internacional / _cLigia Galvis Ortiz |
| 250 | _aPrimera edición | ||
| 260 |
_aBogotá : _bAurora, _c1996 |
||
| 300 |
_axi, 357 páginas ; _c24 cm. |
||
| 505 | 0 | _aHistoria de los derechos humanos -- Filosofía de los derechos humanos -- Doctrina de los derechos humanos -- Legislación internacional -- Carta internacional de derechos humanos -- Temas y sujetos de protección especial en el sistema de las Naciones Unidas -- Organización administrativa del Sistema Internacional de Derechos Humanos -- Procedimiento de los órganos del sistema de Derechos Humanos de la ONU para el conocimiento de las comunicaciones relativas a la violación de los Derechos Humanos y las libertades fundamentales -- Órganos de los tratados -- Sistemas regionales de Derechos Humanos -- Sistema Africano de Derechos Humanos -- Sistema Europeo de Derechos Humanos -- Sistema Interamericano de Derechos Humanos | |
| 650 | 1 | 4 |
_aDerechos Humanos _91801 |
| 650 | 1 | 4 |
_aDerechos civiles _92644 |
| 650 | 1 | 4 |
_aDerechos Humanos _91801 |
| 650 | 1 | 4 |
_aDerecho internacional _92682 |
| 942 |
_2ddc _cBK |
||
| 999 |
_c5162 _d5162 |
||